[Event "Turkish Super League 2019"]
[Site "Konya"]
[Date "2019.07.25"]
[Round "10"]
[White "Yaran, Siar"]
[Black "Ozer, Omer Faruk"]
[Result "0-1"]
[WhiteElo "2197"]
[BlackElo "2369"]
[Annotator "NA"]
[PlyCount "86"]
[EventDate "2019.07.17"]
[EventType "team-tourn"]
[EventCountry "TUR"]
[SourceTitle "playchess.com"]
[Source "ChessBase"]
[SourceQuality "1"]
[TimeControl "40/5400+30:1800+30"]

1. e4 {[%emt 0:00:30]} c5 {[%emt 0:01:30]} 2. Nf3 {[%emt 0:07:30]} Nc6 {[%emt 0:00:30]} 3. Bb5 {[%emt 0:01:30]} g6 {[%emt 0:02:30]} 4. O-O {[%emt 0:00:30]} Bg7 {[%emt 0:00:30]} 5. Bxc6 {[%emt 0:00:30]} dxc6 {[%emt 0:01:30]} 6. d3 {[%emt 0:02:30]} e5 {[%emt 0:11:30]} 7. Be3 {[%emt 0:00:30]} b6 {[%emt 0:00:30]} 8. a4 {[%emt 0:00:30]} a5 {[%emt 0:00:30]} 9. Nbd2 {[%emt 0:01:30]} f6 {[%emt 0:16:30]} 10. Nc4 {[%emt 0:00:30]} Be6 {[%emt 0:01:30]} 11. Nfd2 {[%emt 0:00:30]} Nh6 {[%emt 0:00:00]} 12. b4 {[%emt 0:05:30]} axb4 {[%emt 0:06:00]} 13. a5 {[%emt 0:00:30]} bxa5 {[%emt 0:01:30]} 14. Bxc5 {[%emt 0:00:30]} Bf8 {[%emt 0:00:30]} 15. Bb6 {[%emt 0:07:30]} Qb8 {[%emt 0:00:30]} 16. Ra4 {[%emt 0:01:30]} Be7 {[%emt 0:08:30]} 17. Qa1 {[%emt 0:01:30]} O-O {[%emt 0:05:30]} 18. Rxa5 {[%emt 0:00:30]} Qb7 {[%emt 0:03:30]} 19. Ba7 {[%emt 0:11:30]} Nf7 {[%emt 0:15:30]} 20. Qa2 {[%emt 0:03:30]} Bd8 {[%emt 0:06:16]} 21. Ra4 {[%emt 0:04:30]} Qb5 {[%emt 0:06:18]} 22. Ra1 {[%emt 0:04:30]} f5 {[%emt 0:00:34]} 23. exf5 {[%emt 0:13:30]} gxf5 {[%emt 0:00:30]} 24. Qb2 {[%emt 0:00:30]} c5 {[%emt 0:04:20]} 25. Nxe5 {[%emt 0:06:30]} Bf6 {[%emt 0:00:06]} 26. f4 {[%emt 0:00:30]} Nxe5 {[%emt 0:03:12]} 27. fxe5 {[%emt 0:00:30]} Bg5 {[%emt 0:00:00]} 28. Nf3 {[%emt 0:00:00]} Be3+ {[%emt 0:00:00]} 29. Kf1 {[%emt 0:09:26]} Qb7 {[%emt 0:01:25]} 30. c3 {[%emt 0:04:32]} b3 {[%emt 0:00:18]} 31. R1a3 {[%emt 0:04:54]} Rfd8 {[%emt 0:00:42]} 32. Ke2 {[%emt 0:01:11]} f4 {[%emt 0:00:33]} 33. c4 {[%emt 0:01:06]} Bf5 {[%emt 0:01:03]} 34. d4 {[%emt 0:05:21]} cxd4 {[%emt 0:00:45]} 35. Qxb3 {[%emt 0:00:58]} Qxb3 {[%emt 0:00:30]} 36. Rxb3 {[%emt 0:00:00]} Bc2 {[%emt 0:00:00]} 37. Rxe3 {[%emt 0:00:45]} Bxa4 {[%emt 0:01:02]} 38. Re4 {[%emt 0:00:22]} d3+ {[%emt 0:01:20]} 39. Kd2 {[%emt 0:00:30]} Rxa7 {[%emt 0:00:00]} 40. Nd4 {[%emt 0:00:00]} Be8 {[%emt 0:00:00]} 41. Rxf4 {[%emt 0:01:55]} Bg6 {[%emt 0:01:06]} 42. e6 {[%emt 0:01:30]} Ra2+ {[%emt 0:00:30]} 43. Kc3 {[%emt 0:06:30]} Rc2+ {[%emt 0:00:30]} 0-1

[Event "Turkish Super League 2019"]
[Site "Konya"]
[Date "2019.07.25"]
[Round "10"]
[White "Akdogan, Alperen"]
[Black "Ali Marandi, Cemil Can"]
[Result "0-1"]
[WhiteElo "2193"]
[BlackElo "2527"]
[Annotator "ChessBase"]
[PlyCount "62"]
[EventDate "2019.07.17"]
[EventType "team-tourn"]
[EventCountry "TUR"]
[SourceTitle "playchess.com"]
[Source "ChessBase"]
[SourceQuality "1"]
[TimeControl "40/5400+30:1800+30"]

1. d4 {[%emt 0:00:30]} d5 {[%emt 0:00:30]} 2. Nf3 {[%emt 0:00:30]} Nf6 {[%emt 0:00:00]} 3. c4 {[%emt 0:00:30]} c6 {[%emt 0:00:00]} 4. Qc2 {[%emt 0:01:30]} g6 {[%emt 0:00:30]} 5. Bf4 {[%emt 0:00:00]} Bg7 {[%emt 0:00:00]} 6. e3 {[%emt 0:00:00]} O-O {[%emt 0:00:00]} 7. Nc3 {[%emt 0:00:30]} Na6 {[%emt 0:00:00]} 8. a3 {[%emt 0:01:30]} c5 {[%emt 0:00:00]} 9. Rd1 {[%emt 0:11:30]} Qa5 {[%emt 0:00:30]} 10. cxd5 {[%emt 0:24:30]} Nxd5 {[%emt 0:20:30]} 11. Be5 {[%emt 0:03:30]} cxd4 {[%emt 0:00:30]} 12. Bxg7 {[%emt 0:13:30]} Kxg7 {[%emt 0:00:30]} 13. Rxd4 {[%emt 0:00:30]} Nxc3 {[%emt 0:00:00]} 14. Qxc3 {[%emt 0:00:30]} Qxc3+ {[%emt 0:01:00]} 15. bxc3 {[%emt 0:00:00]} Nc5 {[%emt 0:00:00]} 16. Be2 {[%emt 0:01:00]} b6 {[%emt 0:00:00]} 17. O-O {[%emt 0:01:30]} Bb7 {[%emt 0:07:30]} 18. Rb4 {[%emt 0:18:11]} Rfd8 {[%emt 0:05:30]} 19. a4 {[%emt 0:02:10]} Rac8 {[%emt 0:04:30]} 20. Ra1 {[%emt 0:02:42]} Ba6 {[%emt 0:18:30]} 21. Bxa6 {[%emt 0:03:52]} Nxa6 {[%emt 0:01:30]} 22. Rd4 {[%emt 0:00:03]} Nc5 {[%emt 0:00:30]} 23. Rxd8 {[%emt 0:01:30]} Rxd8 {[%emt 0:00:30]} 24. Nd4 {[%emt 0:00:02]} Ne4 {[%emt 0:08:30]} 25. f3 {[%emt 0:09:32]} Nxc3 {[%emt 0:00:30]} 26. a5 {[%emt 0:00:14]} b5 {[%emt 0:01:30]} 27. Nc6 {[%emt 0:01:27]} Rd6 {[%emt 0:03:30]} 28. Nxa7 {[%emt 0:01:03]} b4 {[%emt 0:00:30]} 29. Nc8 {[%emt 0:00:32]} Rc6 {[%emt 0:00:30]} 30. Nxe7 {[%emt 0:01:31]} Ra6 {[%emt 0:00:00]} 31. e4 {[%emt 0:00:37]} b3 {[%emt 0:00:00]} 0-1

[Event "Turkish Super League 2019"]
[Site "Konya"]
[Date "2019.07.25"]
[Round "10"]
[White "Ozkan, Ervin"]
[Black "Tezcan, Emre"]
[Result "0-1"]
[WhiteElo "2175"]
[BlackElo "2082"]
[Annotator "NA"]
[PlyCount "86"]
[EventDate "2019.07.17"]
[EventType "team-tourn"]
[EventCountry "TUR"]
[SourceTitle "playchess.com"]
[Source "ChessBase"]
[SourceQuality "1"]
[TimeControl "40/5400+30:1800+30"]

1. d4 {[%emt 0:01:30]} Nf6 {[%emt 0:00:30]} 2. Nf3 {[%emt 0:00:30]} e6 {[%emt 0:00:00]} 3. Bf4 {[%emt 0:00:30]} b6 {[%emt 0:00:00]} 4. e3 {[%emt 0:01:30]} Bb7 {[%emt 0:00:00]} 5. Nbd2 {[%emt 0:00:00]} Be7 {[%emt 0:01:00]} 6. h3 {[%emt 0:00:00]} O-O {[%emt 0:00:30]} 7. Bd3 {[%emt 0:00:30]} d6 {[%emt 0:00:00]} 8. O-O {[%emt 0:00:30]} Nbd7 {[%emt 0:00:00]} 9. Qe2 {[%emt 0:01:30]} Re8 {[%emt 0:00:30]} 10. Bh2 {[%emt 0:04:30]} Bf8 {[%emt 0:02:30]} 11. Rfd1 {[%emt 0:00:30]} c5 {[%emt 0:05:30]} 12. c3 {[%emt 0:01:30]} Qc7 {[%emt 0:07:30]} 13. a4 {[%emt 0:00:30]} a6 {[%emt 0:04:30]} 14. e4 {[%emt 0:06:30]} e5 {[%emt 0:00:30]} 15. dxe5 {[%emt 0:00:30]} dxe5 {[%emt 0:00:30]} 16. Bc4 {[%emt 0:00:30]} g6 {[%emt 0:04:30]} 17. g4 {[%emt 0:28:30]} Re7 {[%emt 0:11:30]} 18. Bg3 {[%emt 0:05:30]} h6 {[%emt 0:04:30]} 19. Ne1 {[%emt 0:01:30]} Bg7 {[%emt 0:04:30]} 20. Ng2 {[%emt 0:01:30]} Nf8 {[%emt 0:00:30]} 21. f3 {[%emt 0:09:30]} Ne6 {[%emt 0:02:30]} 22. Nf1 {[%emt 0:05:30]} Nf4 {[%emt 0:05:30]} 23. Nxf4 {[%emt 0:11:05]} exf4 {[%emt 0:00:00]} 24. Bh2 {[%emt 0:00:21]} Qc6 {[%emt 0:25:00]} 25. Bxf4 {[%emt 0:06:14]} Nxe4 {[%emt 0:07:01]} 26. Bh2 {[%emt 0:11:11]} Ng5 {[%emt 0:02:14]} 27. Qg2 {[%emt 0:00:56]} Nxf3+ {[%emt 0:02:08]} 28. Kh1 {[%emt 0:00:30]} Qf6 {[%emt 0:05:02]} 29. Bd5 {[%emt 0:00:39]} Bxd5 {[%emt 0:00:17]} 30. Rxd5 {[%emt 0:00:05]} Rae8 {[%emt 0:01:35]} 31. Rd6 {[%emt 0:00:27]} Re6 {[%emt 0:00:48]} 32. Rxe6 {[%emt 0:00:41]} Rxe6 {[%emt 0:00:30]} 33. Bg3 {[%emt 0:00:00]} Ng5 {[%emt 0:00:54]} 34. Bh4 {[%emt 0:00:52]} Qf4 {[%emt 0:00:48]} 35. Bg3 {[%emt 0:00:40]} Qc4 {[%emt 0:01:00]} 36. Nd2 {[%emt 0:00:43]} Qd3 {[%emt 0:00:11]} 37. Rf1 {[%emt 0:00:33]} Re2 {[%emt 0:00:40]} 38. Rf2 {[%emt 0:00:31]} Rxf2 {[%emt 0:00:37]} 39. Qxf2 {[%emt 0:00:04]} Nxh3 {[%emt 0:00:22]} 40. Qh2 {[%emt 0:00:00]} Ng5 {[%emt 0:00:00]} 41. Qg2 {[%emt 0:01:58]} Qc2 {[%emt 0:04:23]} 42. Nc4 {[%emt 0:14:19]} Qd1+ {[%emt 0:01:30]} 43. Kh2 {[%emt 0:00:19]} Qxg4 {[%emt 0:00:30]} 0-1

[Event "Turkish Super League 2019"]
[Site "Konya"]
[Date "2019.07.25"]
[Round "10"]
[White "Aydin, Hakan Arda"]
[Black "Annaberdiyev, Babageldi"]
[Result "0-1"]
[WhiteElo "1956"]
[BlackElo "2244"]
[Annotator "NA"]
[PlyCount "94"]
[EventDate "2019.07.17"]
[EventType "team-tourn"]
[EventCountry "TUR"]
[SourceTitle "playchess.com"]
[Source "ChessBase"]
[SourceQuality "1"]
[TimeControl "40/5400+30:1800+30"]

1. e4 {[%emt 0:00:30]} c5 {[%emt 0:01:30]} 2. Nf3 {[%emt 0:00:30]} Nc6 {[%emt 0:00:30]} 3. d4 {[%emt 0:00:00]} cxd4 {[%emt 0:00:30]} 4. Nxd4 {[%emt 0:00:00]} Nf6 {[%emt 0:00:00]} 5. Nc3 {[%emt 0:00:00]} e5 {[%emt 0:00:00]} 6. Ndb5 {[%emt 0:03:00]} d6 {[%emt 0:00:30]} 7. Bg5 {[%emt 0:00:30]} a6 {[%emt 0:00:30]} 8. Na3 {[%emt 0:00:00]} b5 {[%emt 0:00:00]} 9. Nd5 {[%emt 0:01:00]} Be7 {[%emt 0:00:00]} 10. Bxf6 {[%emt 0:00:30]} Bxf6 {[%emt 0:00:00]} 11. c3 {[%emt 0:00:30]} O-O {[%emt 0:00:00]} 12. Nc2 {[%emt 0:01:30]} Bg5 {[%emt 0:00:30]} 13. a4 {[%emt 0:01:30]} bxa4 {[%emt 0:00:30]} 14. Rxa4 {[%emt 0:00:30]} a5 {[%emt 0:00:00]} 15. Bc4 {[%emt 0:02:30]} Rb8 {[%emt 0:00:00]} 16. b3 {[%emt 0:01:30]} Kh8 {[%emt 0:00:30]} 17. Nce3 {[%emt 0:07:30]} g6 {[%emt 0:02:30]} 18. O-O {[%emt 0:06:30]} f5 {[%emt 0:19:30]} 19. exf5 {[%emt 0:02:30]} gxf5 {[%emt 0:00:30]} 20. Qh5 {[%emt 0:01:30]} e4 {[%emt 0:03:30]} 21. f4 {[%emt 0:08:30]} exf3 {[%emt 0:03:30]} 22. Rxf3 {[%emt 0:00:30]} Rb7 {[%emt 0:00:00]} 23. h4 {[%emt 0:27:30]} Bxe3+ {[%emt 0:01:00]} 24. Nxe3 {[%emt 0:00:00]} Ne5 {[%emt 0:00:30]} 25. Rf4 {[%emt 0:01:00]} Qb6 {[%emt 0:09:30]} 26. Rd4 {[%emt 0:02:30]} Rg7 {[%emt 0:00:30]} 27. Bd5 {[%emt 0:03:30]} Bd7 {[%emt 0:13:30]} 28. Ra2 {[%emt 0:03:30]} a4 {[%emt 0:10:30]} 29. bxa4 {[%emt 0:05:30]} f4 {[%emt 0:07:30]} 30. Rf2 {[%emt 0:04:25]} Ng6 {[%emt 0:01:30]} 31. Nc4 {[%emt 0:02:02]} Qc5 {[%emt 0:02:30]} 32. Nxd6 {[%emt 0:08:13]} Qxd6 {[%emt 0:02:30]} 33. Bf7 {[%emt 0:00:15]} Qe7 {[%emt 0:01:30]} 34. Bxg6 {[%emt 0:00:32]} Rxg6 {[%emt 0:00:30]} 35. Rdxf4 {[%emt 0:01:28]} Rxf4 {[%emt 0:00:30]} 36. Rxf4 {[%emt 0:00:18]} Bc6 {[%emt 0:00:00]} 37. Rg4 {[%emt 0:05:49]} Qe2 {[%emt 0:05:31]} 38. Rxg6 {[%emt 0:00:48]} Qxh5 {[%emt 0:00:30]} 39. Rxc6 {[%emt 0:00:04]} Qd1+ {[%emt 0:00:00]} 40. Kh2 {[%emt 0:01:01]} Qxa4 {[%emt 0:00:26]} 41. Rc8+ {[%emt 0:30:30]} Kg7 {[%emt 0:00:00]} 42. Rc7+ {[%emt 0:00:00]} Kh6 {[%emt 0:00:03]} 43. Kh3 {[%emt 0:00:00]} Qe4 {[%emt 0:00:30]} 44. g3 {[%emt 0:00:00]} Qh1+ {[%emt 0:01:30]} 45. Kg4 {[%emt 0:00:00]} Kg6 {[%emt 0:00:00]} 46. Rc5 {[%emt 0:00:00]} Qd1+ {[%emt 0:01:00]} 47. Kh3 {[%emt 0:00:00]} Qf1+ {[%emt 0:00:00]} 0-1

[Event "Turkish Super League 2019"]
[Site "Konya"]
[Date "2019.07.26"]
[Round "11"]
[White "Saric, Ivan"]
[Black "Romanov, Evgeny"]
[Result "1/2-1/2"]
[WhiteElo "2681"]
[BlackElo "2582"]
[Annotator "TA"]
[PlyCount "56"]
[EventDate "2019.07.17"]
[EventType "team-tourn"]
[EventCountry "TUR"]
[SourceTitle "playchess.com"]
[Source "ChessBase"]
[SourceQuality "1"]

{[%evp 25,56,19,78,0,31,23,28,0,8,1,9,0,13,13,9,7,12,0,0,0,0,0,0,0,0,0,0,0,0,0,0,0,0]} 1. e4 e5 2. Nf3 Nc6 3. Bb5 a6 4. Ba4 Nf6 5. O-O Be7 6. Re1 b5 7. Bb3 d6 8. c3 O-O 9. h3 Nd7 10. d4 Bf6 11. a4 Bb7 12. Na3 exd4 13. cxd4 Re8 (13... Nb6 $11 {keeps the balance.}) 14. Qd2 {C92: Closed Ruy Lopez: 9...Be6, Karpov and Flohr-Zaitsev Variations} (14. axb5 $16 axb5 15. Bf4) 14... bxa4 15. Bxa4 Nb6 16. Bc2 $146 {White has an edge.} (16. Bxc6 $5 Bxc6 17. Qc2 $11) ({Predecessor:} 16. Bxc6 Bxc6 17. Qc2 Bb7 18. Bd2 Qd7 19. Rac1 Rac8 20. b3 Qe7 21. d5 {½-½ (21) Kindermann,S (2495)-Smagin,S (2520) Dortmund 1993}) 16... a5 {The position is equal.} 17. Nb5 Nb4 18. Bb1 Qd7 19. Nc3 c5 20. dxc5 dxc5 21. Qxd7 Nxd7 22. Nb5 {[#] Nd6 is the strong threat.} Re7 23. Nd6 Bc6 24. Nc4 a4 25. Ra3 Bb5 26. Nd6 Bc6 27. Nc4 Bb5 28. Nd6 Bc6 {Accuracy: White = 72%, Black = 74%.} 1/2-1/2

[Event "Turkish Super League 2019"]
[Site "Konya"]
[Date "2019.07.26"]
[Round "11"]
[White "Mamedov, Rauf"]
[Black "Iljiushenok, Ilia"]
[Result "1/2-1/2"]
[WhiteElo "2650"]
[BlackElo "2520"]
[Annotator "TA"]
[PlyCount "77"]
[EventDate "2019.07.17"]
[EventType "team-tourn"]
[EventCountry "TUR"]
[SourceTitle "playchess.com"]
[Source "ChessBase"]
[SourceQuality "1"]

{[%evp 9,77,8,33,16,43,31,31,27,20,0,7,12,2,-12,-9,-20,-12,-43,-45,-73,-79,-79,-38,-59,-38,-26,50,-66,-82,-118,-121,-113,-120,-126,-117,-115,-118,-125,-110,-126,-127,-131,-133,-123,-122,-185,-172,-171,0,-97,0,-183,-179,-280,-281,-283,-8,-8,-8,-8,-8,-8,0,0,0,-8,0,0,0,-8]} 1. e4 c5 2. Nf3 d6 3. Bb5+ Nd7 4. Ba4 $146 (4. O-O a6 5. Bd3 Ngf6 6. Re1 e6 7. a4 b6 8. c3 Bb7 9. Qe2 Qc7 10. Na3 Be7 11. Bb1 e5 12. d4 cxd4 13. cxd4 exd4 14. Nxd4 {½-½ (42) Jakovenko,D (2719)-Ding,L (2809) Shenzhen 2019}) ({Predecessor:} 4. c4 a6 5. Ba4 Ngf6 6. Nc3 e6 {0-1 (61) Wall,T (2250)-Ivanov,M (2450) Cappelle-la-Grande 1995}) 4... Ngf6 5. O-O a6 6. c4 {B51: Sicilian: Moscow Variation (3 Bb5+) without 3...Bd7} e6 7. Nc3 Be7 8. d4 {White is slightly better.} cxd4 9. Nxd4 O-O 10. Qe2 Qc7 11. Bg5 Ne5 12. Bb3 Bd7 13. Kh1 Rac8 {[%cal Re5c4]} 14. f4 Nxc4 15. Rae1 {White wants to play e5.} h6 $36 {[%mdl 2048] Black is pushing.} 16. Bh4 {next e5 is good for White.} Rfe8 17. e5 Nd5 (17... Nh7 $11 18. Bxe7 dxe5 19. fxe5 Rxe7) 18. Nxd5 (18. Nf5 $1 $14 Bxh4 19. Nxh4) 18... exd5 $15 19. Bxe7 Rxe7 20. e6 fxe6 21. f5 {[%cal Rf5e6]} e5 22. f6 Rf7 23. fxg7 Rxg7 (23... exd4 $2 24. Rxf7 Kxf7 25. Qh5+ Kg8 26. Re7 $1 $18 {[%mdl 512]}) 24. Qf3 exd4 25. Qxd5+ Kh8 {...Bc6 is the strong threat.} 26. Rf6 Ne5 27. Qxd4 (27. Rxh6+ $17 Rh7 28. Rxd6) 27... Ng4 $1 $19 {[%cal Rg4f6]} 28. Rf7 {[%csl Gf7][%cal Rd4g7]} Ne5 ({Black should try} 28... Rcg8 $1 $19 29. Rxg7 Rxg7) 29. Rf6 $17 Ng4 {[#]} (29... Qc1 $1 $17 {[%cal Rc1e1]} 30. Rxc1 Rxc1+ 31. Bd1 Bc6) 30. Rf7 $1 $19 {[%csl Gf7][%cal Rd4g7][%mdl 512] [#]} Rcg8 $1 31. Ref1 {[#]} (31. Rff1 $142) 31... d5 $1 {[%csl Gg4][%cal Rc7h2]} 32. R7f4 (32. Bxd5 Qxh2#) 32... Bb5 $2 (32... Qe5 $19 33. Qxe5 Nxe5 34. Bxd5 Bb5 35. Bxg8 Bxf1 36. Rxf1 Kxg8) 33. Re1 $1 $11 {The position is equal.} Kh7 {Hoping for ...h5.} 34. Bxd5 Re8 (34... Rd8 35. Rxg4 Rxg4 36. Qxg4 $16) 35. Be4+ Kg8 36. Bd5+ Kh7 $1 ({And not} 36... Kh8 37. Rxe8+ Bxe8 38. Rf8+ Kh7 39. Be4+ Bg6 40. Bxg6+ Kxg6 41. Qe4+ Kh5 42. Rf5+ Rg5 43. Qe8+ Kh4 44. g3+ Qxg3 45. hxg3+) 37. Be4+ Kg8 38. Bd5+ Kh7 $1 (38... Kh8 39. Rxe8+ Bxe8 40. Rf8+ {[%mdl 64] Double Attack} Kh7 41. Be4+ Bg6 42. Bxg6+ Kxg6 43. Qe4+ Kh5 44. Rf5+ Rg5 45. Qe8+ Kh4 46. g3+ Qxg3 47. hxg3+) 39. Be4+ {Accuracy: White = 72%, Black = 53%.} 1/2-1/2

[Event "Turkish Super League 2019"]
[Site "Konya"]
[Date "2019.07.26"]
[Round "11"]
[White "Durarbayli, Vasif"]
[Black "Alekseenko, Kirill"]
[Result "1/2-1/2"]
[WhiteElo "2637"]
[BlackElo "2650"]
[Annotator "TA"]
[PlyCount "132"]
[EventDate "2019.07.17"]
[EventType "team-tourn"]
[EventCountry "TUR"]
[SourceTitle "playchess.com"]
[Source "ChessBase"]
[SourceQuality "1"]

{[%evp 29,132,39,34,-27,39,18,97,97,93,90,86,91,86,72,80,84,96,86,87,0,61,75,71,72,90,93,91,90,104,102,81,87,83,34,103,107,101,101,101,102,116,93,96,97,89,96,115,17,20,17,18,19,21,8,15,0,0,0,0,0,0,0,0,0,0,0,0,0,0,0,0,0,0,0,0,0,0,0,0,0,0,0,0,0,0,0,0,0,0,0,0,0,0,0,0,0,0,0,0,0,0,0,0,0,0]} 1. e4 e5 2. Nf3 Nc6 3. Bb5 a6 4. Ba4 Nf6 5. O-O Be7 6. Re1 b5 7. Bb3 O-O 8. c3 d5 9. exd5 Nxd5 10. Nxe5 Nxe5 11. Rxe5 c6 12. d4 Bd6 13. Re1 Qh4 14. g3 Qh3 15. Re4 g5 16. Nd2 {C89: Closed Ruy Lopez: Marshall Attack} ({Worse is} 16. Bxg5 Qf5 $17) (16. Qf1 $14) (16. Qf1 Qh5 17. Nd2 Bf5 18. f3 Rae8 19. Qf2 Nf6 20. Rxe8 Rxe8 21. Nf1 g4 22. Bd1 gxf3 23. Bxf3 Ng4 {½-½ (69) Short,N (2688)-Grandelius,N (2665) Malmo 2017}) 16... Bf5 (16... f5 $1 $11 17. Re3 Kh8 18. Bxd5 cxd5) 17. Bc2 Nf6 (17... Bc7 $11) 18. Re2 $16 {White is better.} Rae8 $146 ({Predecessor:} 18... Bg4 19. f3 Bh5 20. Ne4 Nxe4 21. Bxe4 Qd7 22. Bxg5 f5 23. Bd3 Bxf3 24. Qb3+ Bd5 25. c4 Be6 26. Rae1 Rae8 27. Rxe6 {1-0 (27) Bedwell,R-Eldridge,A corr 1962}) 19. Bxf5 Qxf5 20. Nf1 Ng4 21. Kg2 Qd5+ 22. f3 $1 Ne5 23. Rf2 Ng4 24. Re2 Ne5 $1 25. Rd2 Ng6 26. Rf2 Bb8 27. Qb3 Qd8 28. a4 h5 29. axb5 axb5 30. Ra6 Re6 31. c4 (31. Qc2 {is more complex.} h4 32. Qf5 hxg3 33. hxg3 Bf4 34. Bd2) 31... bxc4 (31... Qxd4 $14 32. cxb5 g4) 32. Qxc4 h4 33. Rxc6 Rxc6 34. Qxc6 Qxd4 35. Bxg5 h3+ 36. Kg1 Ne5 {[#]} 37. Qf6 $1 Qd6 {[#]} 38. Qf5 (38. Nd2 $1 $16) 38... Qg6 $11 {The position is equal.} 39. Ne3 Re8 $1 40. Qxg6+ fxg6 41. Nd5 Kf7 $1 42. Kf1 Ba7 43. Be3 Bxe3 44. Nxe3 {[%mdl 4096] Endgame KRN-KRN} Nd3 45. Re2 {Hoping for Nc4.} Nc1 $1 46. Rc2 Rxe3 47. Rxc1 {aiming for Rc3.} Rxf3+ {KR-KR} 48. Ke2 Rb3 49. Rc2 Ke6 50. Rd2 Ke5 51. Kd1 Ke4 52. Kc2 (52. Rf2 {feels hotter.} Ke3 53. Rc2 Kf3 54. Kc1 Rb7 55. Kd2) 52... Rb8 53. b3 Ke3 54. Rd3+ Kf2 55. Kc3 Kg1 56. Rd2 {Threatens to win with Rb2.} Rc8+ 57. Kb2 {b4 is the strong threat.} Rb8 58. Ka2 Ra8+ 59. Kb1 g5 60. Rb2 Rb8 61. b4 Rxb4 62. Rxb4 {Threatening mate with Rb2.} Kxh2 63. Rg4 Kg2 64. Rxg5 {Black must now prevent g4.} h2 65. Rh5 {White wants to mate with Rxh2+!} Kxg3 66. Rxh2 Kxh2 {Accuracy: White = 60%, Black = 77%.} 1/2-1/2

[Event "Turkish Super League 2019"]
[Site "Konya"]
[Date "2019.07.26"]
[Round "11"]
[White "Nihal Sarin"]
[Black "Abasov, Nijat"]
[Result "1/2-1/2"]
[WhiteElo "2610"]
[BlackElo "2641"]
[Annotator "TA"]
[PlyCount "66"]
[EventDate "2019.07.17"]
[EventType "team-tourn"]
[EventCountry "TUR"]
[SourceTitle "playchess.com"]
[Source "ChessBase"]
[SourceQuality "1"]

{[%evp 20,66,29,28,97,23,24,19,22,25,15,10,15,7,0,0,0,0,0,0,0,-1,0,0,0,0,0,0,0,-14,0,-23,-22,-29,-26,-41,28,-35,0,0,27,27,27,27,27,27,27,27,40]} 1. d4 Nf6 2. c4 e6 3. Nf3 d5 4. Nc3 Bb4 5. cxd5 exd5 6. Bg5 h6 7. Bh4 Nbd7 8. Qc2 c5 9. e3 Qa5 10. Bd3 O-O 11. O-O Re8 {D38: Queen's Gambit Declined: Ragozin Defence (4 Nf3 Bb4)} (11... c4 $11 12. Bf5 b6) 12. Bf5 $146 (12. Nxd5 $16 Nxd5 13. a3) ({Predecessor:} 12. dxc5 Bxc3 13. bxc3 Ne4 14. c4 Ndxc5 15. cxd5 Bf5 16. Nd4 Bg6 17. d6 Qb6 18. f3 Nxd6 19. Bxg6 fxg6 20. Qxg6 Rxe3 {1-0 (79) Riazantsev,A (2684)-Savchenko,B (2599) Rostov on Don 2014}) 12... Bxc3 $11 13. bxc3 Ne4 {The position is equal.} 14. Bxe4 Rxe4 15. Bg3 Re8 16. Nd2 Qb6 17. a4 Qc6 18. Qb2 b6 19. Rfb1 Ba6 20. Rc1 Rac8 21. a5 {Black must now prevent axb6.} b5 22. Nb3 c4 23. Nd2 Re6 24. Re1 Rce8 25. Re2 Bb7 26. Rae1 a6 27. f3 f5 (27... Qc8 $15) 28. Qb1 (28. Qc2 $11) 28... g6 29. h4 Nf6 30. Bf4 {White has an edge.} Kg7 31. Nf1 Nh5 32. Ng3 {aiming for Nxh5+.} Nxg3 33. Bxg3 h5 {Accuracy: White = 42%, Black = 64%.} 1/2-1/2

[Event "Turkish Super League 2019"]
[Site "Konya"]
[Date "2019.07.26"]
[Round "11"]
[White "Safarli, Eltaj"]
[Black "Gulbas, Cemil"]
[Result "1-0"]
[WhiteElo "2608"]
[BlackElo "2380"]
[Annotator "TA"]
[PlyCount "45"]
[EventDate "2019.07.17"]
[EventType "team-tourn"]
[EventCountry "TUR"]
[SourceTitle "playchess.com"]
[Source "ChessBase"]
[SourceQuality "1"]

{[%evp 11,45,52,52,43,35,63,47,44,73,61,61,64,50,59,62,60,234,233,294,289,304,283,369,307,352,354,376,377,376,358,479,493,481,419,518,503]} 1. e4 d6 2. d4 Nf6 3. Nc3 g6 4. Bg5 Bg7 5. Qd2 h6 6. Bh4 Nbd7 7. O-O-O {B07: Pirc Defence: Miscellaneous Systems} g5 8. Bg3 Nh5 9. Qe3 $146 {White is slightly better.} ({Predecessor:} 9. e5 dxe5 10. dxe5 e6 11. Qe2 Nxg3 12. hxg3 Qe7 13. f4 Nb6 14. Qe4 c6 15. Qf3 Bd7 16. Ne4 {½-½ (34) Tiviakov,S (2686)-Mamedyarov,S (2731) Ajaccio 2008}) 9... c5 {[#]} 10. dxc5 $1 Nxg3 11. hxg3 Nxc5 12. e5 {And now exd6 would win.} Bxe5 13. Nf3 Bg7 $2 (13... Bxc3 $1 $14 14. Qxc3 f6) 14. Bb5+ $18 Kf8 {[#]} 15. Qxc5 $1 {[%mdl 576] Pin} Qa5 (15... dxc5 16. Rxd8#) 16. Qe3 Be6 17. a3 a6 18. Be2 Rc8 19. Nd4 Bd7 20. Bf3 b5 21. Nd5 Qd8 22. Nb6 Rc5 {[#]} 23. Ne6+ $1 {[%mdl 576] Discovered Attack. Accuracy: White = 100%, Black = 49%.} 1-0